000 00645nam a22002537a 4500
001 22764
003 UA-OsUOA
005 20220209181936.0
007 ta
008 20031224b un ||||| |||| 00| 0 ukr d
020 _a5-87604-046-0
040 _aUA-OsUOA
_brus
_cUA-OsUOA
_dUA-OsUOA
041 _arus
044 _aRU
080 _a226 (091)
090 _a226 (091)
_bГ20
100 _aГарнак А.
245 _aСущность христианства
_cА. Гарнак ; пер. А. П. Самборский
260 _aМосква
_bIntrada
_c2001
300 _a191 с.
650 7 _2UDC
942 _cBK
_2udc
955 _a0
999 _c308993
_d308993